000 00245nam a2200097Ia 4500
005 20251222114403.0
008 251222s1900||||xx |||||||||||||| ||spa||
082 _aDVD0090/D29/2004
245 0 _aLos secretos de la arquitectura sagrada:
942 _cDVD
999 _c1721
_d1721